Blue Lock NEL Teams Lineups - Statistics

General Stats
  • This quiz has been taken 47 times
  • The average score is 35 of 96
Answer Stats
Team Number Position Player % Correct
MANSHINE CITY 14 MF Reo Mikage
97%
MANSHINE CITY 11 RW Seishirō Nagi
97%
BASTARD MÜNCHEN 99 GK Gin Gagamaru
90%
BASTARD MÜNCHEN 11 CAM Yoichi Isagi
90%
BASTARD MÜNCHEN 10 ST Michael Kaiser
87%
BASTARD MÜNCHEN 9 ST Noel Noa
87%
BASTARD MÜNCHEN 16 RB Ranze Kurona
87%
BASTARD MÜNCHEN 23 RB / LW Yō Hiori
87%
FC BARCHA 13 RW Eita Otoya
83%
UBERS 25 CB / CDM / CAM Ikki Niko
83%
BASTARD MÜNCHEN 22 CDM Jingo Raichi
83%
FC BARCHA 8 ST / LW Meguru Bachira
83%
PARIS X GEN 9 ST Rin Itoshi
83%
MANSHINE CITY 7 ST Chris Prince
80%
UBERS 17 CB Jyūbei Aryū
80%
BASTARD MÜNCHEN 15 LB / LW Kenyū Yukimiya
80%
FC BARCHA 87 ST Lavinho
80%
UBERS 23 CB Oliver Aiku
80%
BASTARD MÜNCHEN 8 CAM Alexis Ness
77%
PARIS X GEN 10 FW Julian Loki
77%
BASTARD MÜNCHEN 50 FW / CDM Rensuke Kunigami
77%
PARIS X GEN 99 ST Ryūsei Shidō
77%
UBERS 2 CB / MF Don Lorenzo
73%
MANSHINE CITY 44 LW Hyōma Chigiri
73%
UBERS 13 ST Shōei Barō
73%
PARIS X GEN 6 CAM Charles Chevalier
70%
BASTARD MÜNCHEN 69 LB Jin Kiyora
70%
UBERS 10 FW Marc Snuffy
70%
UBERS 50 GK Gen Fukaku
67%
PARIS X GEN 77 LW / LB Nijirō Nanase
67%
UBERS 18 CAM Shūto Sendō
67%
PARIS X GEN 27 CDM / MF Tabito Karasu
67%
MANSHINE CITY 9 ST Agi
63%
BASTARD MÜNCHEN 76 RB Gurimu Igarashi
60%
FC BARCHA Reserve FW Tetsu Sokura
60%
PARIS X GEN 29 RW / RB Zantetsu Tsurugi
57%
PARIS X GEN 20 CDM / MF Aoshi Tokimitsu
47%
BASTARD MÜNCHEN Reserve RB Teppei Neru
47%
BASTARD MÜNCHEN 5 MF Benedict Grim
40%
MANSHINE CITY Reserve FW Jun'ichi Wanima
33%
MANSHINE CITY 20 CB Kazuma Niō
33%
FC BARCHA Reserve FW Aiki Himizu
30%
MANSHINE CITY Reserve FW Hajime Nishioka
30%
FC BARCHA 22 CDM Haru Hayate
30%
FC BARCHA 16 LB Miroku Darai
27%
FC BARCHA Reserve RW Teru Kitsunezato
27%
FC BARCHA Reserve CDM Itsuki Wakatsuki
23%
BASTARD MÜNCHEN 6 CB Birkenstock
20%
BASTARD MÜNCHEN 1 GK Bachman
17%
FC BARCHA 9 LW Ignacio Lara
17%
PARIS X GEN Reserve LW Kento Chō
17%
BASTARD MÜNCHEN 2 CB Mensah
17%
MANSHINE CITY 17 FW Reiji Hiiragi
17%
PARIS X GEN Reserve FW Akira Endōji
13%
BASTARD MÜNCHEN 7 CDM Ali
13%
BASTARD MÜNCHEN 20 MF Igor Schneider
13%
FC BARCHA Reserve FW Shizuka Haiji
13%
FC BARCHA 5 LB So
13%
PARIS X GEN 8 CB / LB Chapa
10%
UBERS 5 CDM Drago
10%
BASTARD MÜNCHEN 13 FW Erik Gesner
10%
PARIS X GEN Reserve FW Haruhiko Yuzu
10%
UBERS Reserve FW Kyohei Shiguma
10%
FC BARCHA 1 GK Moro
10%
MANSHINE CITY 1 GK Rook
10%
FC BARCHA 2 CB Ruiz
10%
UBERS Reserve FW Shingen Tanaka
10%
BASTARD MÜNCHEN 3 LB Theo Sachs
10%
UBERS Reserve FW Yukio Ishikari
10%
FC BARCHA 7 RB Bos
7%
FC BARCHA 6 CDM Espesso
7%
FC BARCHA 4 LB Gomez
7%
MANSHINE CITY Reserve FW Kairu Saramadara
7%
PARIS X GEN 4 CB Michelin
7%
BASTARD MÜNCHEN 4 CB Ndiaye
7%
FC BARCHA 10 MF Picasso
7%
UBERS 6 RB Rico
7%
MANSHINE CITY Reserve FW Taiga Tsunzaki
7%
FC BARCHA 3 CB Uraziz
7%
UBERS 4 LB Abdi
3%
MANSHINE CITY 8 LB Arthur
3%
MANSHINE CITY 3 CB Busby
3%
UBERS 1 GK Canali
3%
PARIS X GEN Reserve CDM Cucuron
3%
MANSHINE CITY 2 CB Damon
3%
MANSHINE CITY 5 MF Driver
3%
PARIS X GEN 3 CB Gabon
3%
PARIS X GEN Reserve CDM Ohana
3%
UBERS 8 CDM Peron
3%
PARIS X GEN 1 GK Renoir
3%
MANSHINE CITY 6 RB Swift
3%
MANSHINE CITY 4 CB Young
3%
PARIS X GEN Reserve CDM Cousin
0%
PARIS X GEN Reserve RB Debussy
0%
PARIS X GEN Reserve LW Domenech
0%
PARIS X GEN Reserve MF Poussin
0%
No matching quizzes found
Score Distribution
Percent of People with Each Score
Percentile by Number Answered
Your Score History
You have not taken this quiz